| 000 | 00878nam a2200217Ia 4500 | ||
|---|---|---|---|
| 999 |
_c39341 _d39341 |
||
| 001 | 5927 | ||
| 003 | GE_BSU | ||
| 005 | 20190823130523.0 | ||
| 008 | 181216s1984||||ge |||||||||||||| ||geo|| | ||
| 040 | _cGE_BSU | ||
| 041 | _ageo | ||
| 080 | _a821.353.1-1 ა-13 | ||
| 100 |
_aაბაშიძე, ირაკლი _93740 |
||
| 245 |
_aთუ ხარ ნამდვილი ასი ლექსი / _cირაკლი აბაშიძე ; რედ. ი. ქემერტელიძე. |
||
| 264 |
_aთბილისი : _bსაბჭოთა საქართველო ; _c1984. |
||
| 300 |
_a231 გვ, : _bპორტრ. ; _c17 სმ. |
||
| 653 | _aასი ლექსი | ||
| 653 | _aთუ ხარ ნამდვილი | ||
| 700 |
_a ქემერტელიძე, ი. _eრედაქტორი _93760 |
||
| 942 |
_cBK _2udc |
||